MDQL
is popping MORE tags! Check the
thread
!
Quizzes
Events
Quiz Creation
Community
Videos
Private Events
Remove Ads
Sign In
Join for FREE
Feedback
Dark Mode
Quiz Categories
Sports
Geography
Music
Movies
Television
Just For Fun
Miscellaneous
History
Literature
Language
Science
Gaming
Entertainment
Religion
Holiday
For Kids
Quiz Lab
Recent
Popular Today
Quiz Kudos Today
Editor Picks
Curator Picks
Quizzes by...
Day
Popularity
Type
Ratings
Length
Year
Community
Subscriptions
Recent Discussions
Orange Saloon
Badges
Playlists
Quests
Create
Leaderboards
Showdown
Live 5
Trivia Bingo
Activity
Puzzle Library
Sporcle Events
Private Events
Virtual Trivia
Globe League
Become a Host
Pub Owners
SporcleCon
Opinionation
Our Games
Videos
Blog
Mobile Apps
Partnerships
Remove Ads and Go Orange
Feedback
Sports
Athletes
MLB
NBA
NHL
NFL
Soccer
Sports Teams
WWE
NCAA
Football
Premier League
Basketball
Baseball
Hockey
Golf
Tennis
Cricket
Rugby
Auto Racing
Olympics
World Cup
Sports
Athletes
MLB
NBA
NHL
NFL
Soccer
Sports Teams
WWE
NCAA
Football
Premier League
Basketball
Baseball
Hockey
Golf
Tennis
Cricket
Rugby
Auto Racing
Olympics
World Cup
Random Quiz
Search Sporcle
×
Quiz Lab
Quiz Lab
Sports
Baseball
Type in answers that appear in a list
Type in answers that appear in a list
Classic
Best Score? Go Orange.
Philadelphia Phillies Second in Home Runs, 1930-present Stats
Can you name the Phillies who were second on the team in home runs in each season since 1930?
By
HurtSquad
8m
85 Questions
143 Plays
143 Plays
143 Plays
Comments
Comments
Give Quiz Kudos
Give Quiz Kudos
-
- Ratings
hide this ad
More Info
Replay
Link that replays current quiz
Next Quiz
Link to next quiz in quiz playlist
You Got
0%
They Got
Avg Score
50%
Avg Friend Score
Upgrade to see
Score Distribution
Jump to the score distribution portion of the page
Score
0/85
Timer
08:00
0
Plays Today
Year
Player
% Correct
1977
Mike Schmidt
96.5%
1978
Mike Schmidt
96.5%
2005
Chase Utley
95.8%
2008
Pat Burrell and Chase Utley
95.8%
2007
Pat Burrell and Jimmy Rollins
95.1%
2014
Ryan Howard
93%
2013
Chase Utley
91.9%
2001
Pat Burrell
91.6%
2003
Pat Burrell
91.6%
2006
Pat Burrell
91.6%
1975
Greg Luzinski
90.2%
1976
Greg Luzinski
90.2%
1979
Greg Luzinski
90.2%
1980
Greg Luzinski
90.2%
1990
Darren Daulton
88.1%
2009
Jayson Werth
87.4%
2010
Jayson Werth
87.4%
1992
John Kruk
82.5%
2000
Bobby Abreu
81.8%
2002
Bobby Abreu
81.8%
2004
Bobby Abreu
81.8%
1964
Dick Allen
80.4%
1936
Chuck Klein
76.9%
1937
Chuck Klein
76.9%
2011
Raul Ibanez
76.2%
1986
Von Hayes
73.4%
1993
Lenny Dykstra
73.4%
1997
Rico Brogna and Mike Lieberthal
72%
1999
Scott Rolen
71.3%
Year
Player
% Correct
1998
Rico Brogna
68.5%
1985
Juan Samuel and Ozzie Virgil
62.9%
1987
Juan Samuel
62.9%
1952
Willie Jones
62.2%
1958
Willie Jones
62.2%
1981
Gary Matthews
62.2%
1982
Gary Matthews
62.2%
1962
Johnny Callison
61.5%
1967
Johnny Callison and Don Lock
61.5%
1968
Johnny Callison
61.5%
1947
Del Ennis
60.8%
1951
Del Ennis
60.8%
1956
Del Ennis
60.8%
1954
Stan Lopata and Bobby Morgan
52.4%
1984
Ozzie Virgil
51.7%
1971
Willie Montanez
49.7%
1994
Pete Incaviglia
49.7%
1966
Bill White
48.3%
1983
Joe Morgan
48.3%
2012
Hunter Pence
46.2%
1955
Stan Lopata
44.8%
1957
Stan Lopata
44.8%
1953
Granny Hamner
37.1%
1949
Andy Seminick
35.7%
1950
Andy Seminick
35.7%
1988
Lance Parrish
35.7%
1933
Spud Davis
33.6%
1970
Don Money
33.6%
1972
Don Money
33.6%
Year
Player
% Correct
1991
Dale Murphy
33.6%
1995
Jim Eisenreich
33.6%
1930
Lefty O'Doul
29.4%
1973
Bill Robinson
28%
1996
Todd Zeile
27.3%
1963
Don Demeter
25.9%
1945
Jimmie Foxx, Coaker Triplett, and Jimmy Wasdell
24.5%
1989
Dickie Thon
24.5%
1943
Coaker Triplett
21%
1974
Del Unser
21%
1969
Larry Hisle
19.6%
1932
Don Hurst
17.5%
1961
Pancho Herrera
15.4%
1959
Wally Post
14.7%
1965
Dick Stuart
14%
1946
Ron Northey
13.3%
1948
Eddie Miller
12.6%
1934
Johnny Moore
7%
1935
Johnny Moore
7%
1941
Nick Etten
4.9%
1942
Nick Etten
4.9%
1938
Morrie Arnovich, Gibby Brack, Heinie Mueller, and Phil Weintraub
3.5%
1939
Gibby Brack
2.8%
1960
Bobby Del Greco
2.8%
1944
Buster Adams
2.1%
1931
Buzz Arlett
1.4%
1940
Joe Marty
1.4%
Quiz Playlist
Details
Report
Send in Message
Add To Playlist
More Info:
Note: If two or more players tied for the team lead in home runs, the player(s) with the next highest total is used
Classic:
Type in answers that appear in a list
Last Updated: Feb 16, 2017
Quiz Scoreboard
CHALLENGE
Sign Up to Join the Scoreboard
Show All
Scores
Hide
Comments
May contain spoilers
Recently Published
Holiday 10x10 Sorting Gallery
by lukepisani3
Holiday
15m
Two Season TV Shows II
by 123Four
Television
10m
Image Sorting: Flags VI
by Barbecue
Geography
2m
More to Explore
Quiz From the Vault
Featured Blog Post
14 Easter Pick-up Lines to Find Eggs With
hide this ad
You Might Also Like...
Tags
Athletes Quiz
Baseball Quiz
MLB Quiz
Batting
Home Runs
phila
Philadelphia
Philadelphia Phillies
Philly
second
second-most
Today's Top Quizzes in Sports
Browse Sports
hide this ad
Today's Top Quizzes in Baseball
Browse Baseball
Top Contributed Quizzes in Sports
1
Les meilleurs buteurs des matchs entre le PSG et l’OM
2
Les entraîneurs de l'OM et du PSG au 21e siècle
3
2022 World Cup Stars
4
Players with Multiple 50 Home Run Seasons
5
Les joueurs passés par le PSG et l'OM
6
FIFA Club World Cup Champions
7
Top 10 NHL Goal Scorers of All Time
8
Criteria MLB: Left Handed Sluggers
9
Les joueurs passés par le LOSC et le RC Lens
10
2023 MLB Unique Player Accomplishments
Explore More
Trending Topics
Anime
Harry Potter
NBA
Kpop
Crossword
Disney
Marvel
Pokémon
Soccer
WWE
NFL
Country
Puzzle
The Office
Song
hide this ad
More By:
HurtSquad
Quiz
Plays
Rating
Category
Featured
Created
Philadelphia Phillies Home Run Leaders, 1900-present
456
4.50
Sports
Mar 11, 2013
Philadelphia Eagles Opposing Quarterbacks (2000s)
1,194
4.75
Sports
Dec 13, 2013
Philadelphia Phillies Postseason Home Runs
607
4.71
Sports
Mar 1, 2012
Eagles Opening Day Opposing Quarterbacks Since 1960
588
4.89
Sports
Sep 11, 2013
Philadelphia Eagles Opposing Quarterbacks (2010s)
522
4.67
Sports
Jan 6, 2014
Philadelphia Eagles Playoff Opposing Quarterbacks
499
4.75
Sports
Oct 30, 2013
Go to Creator's Profile
Score Distribution
Quiz Creator Spotlight
HurtSquad
Follow
Send a Message
Quizzes Created
-
Created Quiz Play Count
-
More By This Creator
Popular Quizzes Today
1
Find the US States - No Outlines Minefield
2
Colored Red Africa Blitz
3
Find the 'City' Movie
4
The Countries of the World
5
Find the US States
6
5x2 Blitz: Bands
7
Find the Countries of Europe - No Outlines Minefield
8
US States
More Sports Quizzes
Europe's Great Players: Acrostic
Curator's Pick
Trending Quizzes
Colored Red Europe Blitz I
Colored Red Europe Blitz II
Colored Red Africa Blitz II
Colored Red Africa Blitz III
Colored Red Europe Blitz III
Recently Updated
Odd Team Out - Big 4 Players
pecheneg
Quick Pick: 20 Twenties
pecheneg
March Madness Men's Triple Doubles
pecheneg
How Do You Spell That?
pecheneg
Godzilla Movies
pecheneg
Grab Bag: 4-10 Letters
pecheneg
2024 March Madness Bracket
pecheneg
Famous TV Couples
Peacemaker
Champions League XIs: Real Madrid
pecheneg
Largest US Cities 1790-2010
pecheneg
Trending Topics
Kpop
Disney
Anime
Crossword
Harry Potter
Marvel
NBA
The Office
NFL
Country
Puzzle
WWE
Soccer
Song
Pokémon
Your Account Isn't Verified!
In order to create a playlist on Sporcle, you need to verify the email address you used during registration. Go to your
Sporcle Settings
to finish the process.
Report this User
Report this user for behavior that violates our
Community Guidelines
.
Details:
Send Report
Go to the Sporcle.com Mobile Site →
Comments